Geography Quiz

Random Geography or State Quiz

US States: Five at a Time Quiz Stats

 Plays Quiz Updated Apr 4, 2018

Challenge
Share
Tweet
Embed
Score 0/40 Timer 05:00
6 Plays Today
Range State % Correct
Admittance to UnionDelaware...
91.6%
Population*California...
90.2%
Admittance to UnionMassachusetts...
84.2%
Area*Alaska...
80.8%
Admittance to UnionOklahoma...
80.3%
Admittance to UnionNew York...
76.7%
Population*Pennsylvania...
72.8%
AlphabeticallyAlabama...
72.7%
Admittance to UnionTennessee...
71.7%
Admittance to UnionMichigan...
67.5%
Population*South Dakota...
66.3%
AlphabeticallyColorado...
66.2%
Admittance to UnionMontana...
66%
Admittance to UnionIllinois...
66%
Admittance to UnionCalifornia...
65%
Admittance to UnionNevada...
61.9%
Area*Arizona...
61.5%
Population*New Jersey...
60.7%
AlphabeticallyHawaii...
59.3%
AlphabeticallyKansas...
57.6%
Range State % Correct
Area*New Hampshire...
56.5%
AlphabeticallyVirginia...
53.9%
AlphabeticallyMassachusetts...
53.5%
AlphabeticallyMontana...
51.9%
AlphabeticallyNew Mexico...
51.2%
AlphabeticallySouth Dakota...
50.6%
AlphabeticallyOklahoma...
50.4%
Area*Michigan...
49.7%
Population*Arizona...
49.7%
Population*Maine...
48%
Population*Minnesota...
44%
Population*Kentucky...
41.1%
Area*West Virginia...
40.5%
Population*New Mexico...
39%
Population*Mississippi...
38.6%
Area*Nebraska...
37.4%
Area*Missouri...
34.1%
Area*Iowa...
32.1%
Area*Mississippi...
31.6%
Area*Tennessee...
31.3%

You're not logged in!

Compare scores with friends on all Sporcle quizzes.
Join for Free
OR
Log In

You Might Also Like...

Show Comments

Extras

Top Quizzes Today


Score Distribution

Your Account Isn't Verified!

In order to create a playlist on Sporcle, you need to verify the email address you used during registration. Go to your Sporcle Settings to finish the process.

Report this User

Report this user for behavior that violates our Community Guidelines.

Details: